Statistiques concernant Devine le joueur de football

Cliquez ici pour prendre le quiz!

Statistiques générales

  • Ce quiz a été pris 9 786 fois
  • Le résultat moyen est 7 sur 15

Statistiques - réponses

HintRéponse% Correct
Cote d'Ivoire, Milieu défensif, Barcelonefranck kessie
86%
Chili, Attaquant, MarseilleAlexis Sanchez
80%
Portugal, Défenseur droit, Manchester UnitedDiogo dalot
76%
France, Défenseur Central, NiceJean-Clair Todibo
64%
Iran, Buteur, PortoMehdi Taremi
61%
Belge, milieu gauche, ArsenalLeandro Trossard
60%
Brésil, Défenseur central, JuventusBremer
57%
Allemagne, gardien, MonacoNubel
46%
Pologne, Défenseur droit, Aston VillaMatty cash
41%
Belgique, Attaquant, Milan ACDivock Origi
33%
Espagnol, Milieu offensif, LeedsRodrigo
32%
France, Buteur, MayenceLudovic Ajorque
24%
Italien défenseur droit, Juventusde sciglio
19%
Italien, Milieu, GalatasarayNicolo zaniolo
18%
Angleterre, défenseur gauche, BrentfordRico henry
14%

Distribution des résultats

Percentile par nombre de réponses

% des personnes avec chaque résultat

Votre développement - résultats

Vous n’avez pas pris ce quiz